| 000 | 006720000a22002170004500 | ||
|---|---|---|---|
| 001 | 20704 | ||
| 010 | _a972-8912-00-5 | ||
| 090 | _a20704 | ||
| 100 | _a20070123d2004 a y0pory5003 ba | ||
| 101 | 0 | _apor | |
| 102 | _aPT | ||
| 200 | 1 |
_aO inventor de brinquedos _fVirgílio Almeida _gil. Joana Hartmann |
|
| 210 |
_aPorto Salvo _cA Família Galaró _d2004 |
||
| 215 |
_a[24] p. _cil _e1 CD-Rom |
||
| 225 | 2 |
_aGalaró _v4 |
|
| 675 |
_a821.134.3-93"20" _vBN _zpor |
||
| 675 |
_a087.5 _vBN _zpor |
||
| 700 | 1 |
_aAlmeida _bVirgílio _f1960- |
|
| 702 | 1 |
_923950 _4440 _aHartmann _bJoana _f1979- |
|
| 942 |
_cMON _n0 |
||
| 999 |
_a20704 _bBibliobase - BMTAV _c2019-01-21 |
||